Statistiques concernant Quick Maths

Cliquez ici pour prendre le quiz!

Statistiques générales

  • Ce quiz a été pris 167 fois
  • Le résultat moyen est 5 sur 10

Statistiques - réponses

HintRéponse% Correct
23+4=27
100%
4*4*3=48
79%
30*15=450
77%
(12*3)/6=6
68%
12*16=192
52%
45*3=135
51%
412/4=103
44%
(11/2)*316,5
21%
84*7=588
20%
12*12*111584
9%

Distribution des résultats

Percentile par nombre de réponses

% des personnes avec chaque résultat

Votre développement - résultats

Vous n’avez pas pris ce quiz